ბათუმის შოთა რუსთაველის სახელმწიფო უნივერსიტეტის ბიბლიოთეკა

თხზულებანი : 2 (ბიბ.ჩანაწერი № 59184)

000 -ლიდერი
ფიქსირებული სიგრძის საკონტროლო ველი 01420nam a22002177a 4500
003 - საკონტროლო ნომრის იდენტიფიკატორი
საკონტროლო ველი Ge_BSU
005 - ბოლო ოპერაციის თარიღი და დრო
საკონტროლო ველი 20221202140049.0
008 - ფიქსირებული სიგრძის მონაცემთა ელემენტები - ზოგადი ინფორმაცია
ფიქსირებული სიგრძის საკონტროლო ველი 221202s1972ge xxu||||| |||| 00| 0 geo d
041 ## - ენის კოდი
Language code of text/sound track or separate title geo
080 ## - უნივერსალური ათობითი კლასიფიკაციის ინდექსი
Universal Decimal Classification number 821.353.1-32 რ-17
100 ## - მთავარი ჩანაწერი - პიროვნების სახელი
Personal name რაზიკაშვილი, თედო, 1869-1922, ავტორი.
9 (RLIN) 16319
245 ## - ცნობა სათაურის შესახებ
Title თხზულებანი : 2
Remainder of title ტომად. ტ. 2, მოთხრობები /
Statement of responsibility, etc თედო რაზიკაშვილი ; [გამოსაც. მოამზადა ს. ყუბანეიშვილმა ; სარედ. კოლ.: რ. ინაშვილი, ნ. კეცხოველი, დ. ლორთქიფანიძე და სხვ.
264 ## - წარმოების, გამოცემის, დისტრიბუციის და სხვა ცნობები
გამოცემის, წარმოების, დისტრიბუციის... ადგილი თბილისი :
გამოცემის, წარმოების, დისტრიბუციის... სახელწოდება ნაკადული,
გამოცემის, წარმოების, დისტრიბუციის... თარიღი 1972.
300 ## - ფიზიკური აღწერა
Extent 243 გვ.
Other physical details 20 სმ.
440 ## - სერიის ცნობა / დამატებულია ჩანაწერი - სათაური
Title ქართული საყმაწვილო ლიტერატურის ბიბლიოთეკა
9 (RLIN) 16322
501 ## - შენიშვნა თანმხლებ მასალაზე
With note შენიშვნები: გვ. 222-227.
ლექსიკონი: გვ. 228-242.
653 ## - INDEX TERM--UNCONTROLLED
Uncontrolled term თხზულებანი : 2 ტომად.
700 ## - ADDED ENTRY--PERSONAL NAME
Personal name ყუბანეიშვილი, ს
Relator term გამოსაცემად მოამზადა
9 (RLIN) 16320
700 ## - ADDED ENTRY--PERSONAL NAME
Personal name ინაშვილი, რ.
Relator term სარედაქციო კოლეგია
9 (RLIN) 16321
942 ## - ADDED ENTRY ELEMENTS (KOHA)
Source of classification or shelving scheme
Koha item type წიგნი
ეგზემპლარები
ჩამოწერის სტატუსი დაკარგული ეგზემპლარის სტატუსი კლასიფიკაციის წყარო ან თაროზე გაწყობის სქემა დაზიანების სტატუსი არ გაიცემა მუდმივი მდებარეობა (დაცვის ადგილი) ამჟამინდელი ადგილსამყოფელი თაროზე განთავსების ადგილი შეძენის თარიღი ღირებულება, შესყიდვის ნორმალური ფასი სრული შენახვის შიფრი შტრიხკოდი ბოლო ოპერაციის თარიღი ეგზემპლარის მიმდევრობითი ნომერი (კეტერი?) ფასის ძალაში შესვლის თარიღი ეგზემპლარის სახეობა საჯარო შენიშვნა
          ბათუმის შოთა რუსთაველის სახელმწიფო უნივერსიტეტის მთავარი ბიბლიოთეკა ბათუმის შოთა რუსთაველის სახელმწიფო უნივერსიტეტის მთავარი ბიბლიოთეკა წიგნსაცავი 2022-12-02 7.00 821.353.1-32 რ-17 63267 2022-12-02 63267 2022-12-02 წიგნი 7.00